Countries that has Arabic as their native language - Statistics

General Stats
  • This quiz has been taken 58 times
    43 since last reset
  • The average score is 17 of 18
Answer Stats
Continent Country % Correct
Asia Saudi Arabia
100%
Asia Syria
100%
Africa Egypt
97%
Africa Morocco
97%
Asia Qatar
97%
Africa Algeria
94%
Asia Iraq
94%
Asia Oman
94%
Asia United Arab Emirates
94%
Asia Yemen
94%
Asia Bahrain
91%
Africa Tunisia
91%
Asia Jordan
88%
Africa Sudan
88%
Asia Kuwait
85%
Asia Lebanon
82%
Africa Libya
82%
Africa Mauritania
79%
No matching quizzes found
Score Distribution
Percent of People with Each Score
Percentile by Number Answered
Your Score History
You have not taken this quiz since the last reset